000 00409nam a2200181Ia 4500
001 3490
005 20260306145647.0
008 260306t2008||||xx |||||||||||||| ||spa||
041 _aESP
082 _a280
_bR27
100 _aRatzinger, Joseph
_eAUT
245 0 _aEl año de San Pablo
260 _c2008
300 _a88 páginas :
_c21 cm.
650 _aGEN
654 _aCHU
942 _cLIB
_dJUS
_fJUS
_2ddc
_n
999 _c3490
_d3490